000 01068nam a22004572 4500
001 0000025077
003
005 20151217155237.0
008 141030s xx 000 0 eng d
010 _a
020 _a
_c$
040 _aYour Holding Symbol
_cYour Holding Symbol
041 1 _a
_b
_h
100 1 _aThakker, Justice C.K.,
_d
_@0000185475
240 1 _a
245 1 0 _aCivil procedure with Limitation Act, 1963 :
_b
_c
246 3 _a
250 _a7th ed.
260 _aLucknow :
_bEastern Book Company,
_c2013.
300 _a837 p. :
_b
_c cm.
440 0 _a
500 _a
504 _a
505 0 _a
520 _a
521 2 _a
590 _a
591 _a
_b
600 1 0 _a
_d
610 2 0 _a
_b
650 0 _aCivil procedure
_x
_zIndia.
_@0000185476
650 0 _a
_x
651 0 _a
_x
690 _a
700 1 0 _a
_d
710 2 _a
_b
740 0 2 _a
852 1 _9p2827.50 KES
852 1 _9p2827.50 KES
908 _a141030
999 _c12258
_d12258